000 01935nam0a2200373 4500
001 RU\NLR\BIBL_A\012740203
005 20260407083905.0
010 _d40 к.
_91000
021 _aRU
_b84-79781
035 _a(NLR Aleph) 012740203
090 _a12999935
_c12999935
100 _a20220324d1983 |||y0rusy50 ca
101 0 _arus
102 _aRU
105 _ay j 000 y
181 0 _ai
_baxxe
182 0 _an
200 1 _aРуководство к практическим занятиям по токсикологической химии
_e(учебное пособие)
_fI московский медицинский институт им. И.М. Сеченова. Кафедра токсикологической химии
_g[составители: Изотов Б.Н., Кузнецова Н.И., Лапина К.П.]
203 _aТекст
_bвизуальный
_cнепосредственный
210 _aМосква
_cМосковский медицинский институт
_d1983
215 _a62 с.
_d20
300 _aСоставители указаны на обороте тит.л.
320 _aБиблиогр. в тексте
606 1 _aТоксикологические лаборатории
_jРуководства, пособия и т.п. для высшей школы
_91418138
_3RU\NLR\AUTH\66598172
606 1 _aТоксикологическая химия
_jРуководства, пособия и т.п. для высшей школы
_91785728
_3RU\NLR\AUTH\661097425
686 1 _aР284в74я73
700 1 _aИзотов
_bБ. Н.
_4220
701 1 _aКузнецова
_bН. И.
_4220
701 1 _aЛапина
_bК. П.
_4220
711 0 2 _aМосковский медицинский институт им. И. М. Сеченова
_c1
_9294785
_3RU\NLR\AUTH\8811072
852 _aNLR
_j85-4/31248
942 _cBOOK
980 _aNB